Normal view
MARC view
Entry Personal Name
001 - CONTROL NUMBER
- control field: 27631
003 - CONTROL NUMBER IDENTIFIER
- control field: OSt
005 - DATE AND TIME OF LATEST TRANSACTION
- control field: 20230709155652.0
008 - FIXED-LENGTH DATA ELEMENTS
- fixed length control field: 230709|| aca||aabn | a|a d
040 ## - CATALOGING SOURCE
- Original cataloging agency: OSt
- Transcribing agency: OSt
100 ## - HEADING--PERSONAL NAME
- Personal name: ဢရိယၺႃႇၼ
- Titles and other words associated with a name: ၸဝ်ႈသြႃႇ (ၼမ်ႉႁူးၼွႆႉ)
670 ## - SOURCE DATA FOUND
- Source citation: Work cat.: (OSt): ဢရိယၺႃႇၼ ၸဝ်ႈသြႃႇ (ၼမ်ႉႁူးၼွႆႉ), ဝွၵ်းသႅင်ထမ်းမၢႆ-ႁူၵ်း /, 2018